000 00985nam a2200253 i 4500
001 45345
003 ES-MaACL
005 20250904063047.0
007 t|
008 030325s1978 sp ||||1| spa d
020 _a84-300-0117-4
100 1 _aCastro, Carlos María de,
_d1810-1893
_936840
245 1 0 _aPlan Castro /
_cCarlos María de Castro ; [estudio preliminar, notas y apéndice Antonio Bonet Correa].
260 _aMadrid :
_bColegio Oficial de Arquitectos, Servicio de Información y Publicaciones,
_c[1978]
300 _aLXV, 188 p., 8 lám. :
_b4 plan. ;
_c31 cm.
534 _pReprod. facs. de la ed. de:
_cMadrid: Imp. de D. José C. de la Peña, 1860.
650 0 4 _aPlanes urbanísticos-
_zMadrid-
_yS.XIX.
_916107
655 7 _2tgfbne
_9226495
_aFacsímiles
700 1 _aBonet Correa, Antonio.
_930126
710 0 0 _aColegio Oficial de Arquitectos de Madrid.
_92958
852 _aES-MaACL
_jA-10708
_bR.100150
942 _2udc
999 _c45345
_d45345